Qua sự kiện năm 1540 bàn thêm về mối quan hệ bang giao giữa nhà Mạc với nhà Minh (Trung Quốc) /

保存先:
書誌詳細
第一著者: Phan Đăng Thuận.
フォーマット: 論文
言語:Vietnamese
主題:
タグ: タグ追加
タグなし, このレコードへの初めてのタグを付けませんか!
Thư viện lưu trữ: Thư viện Trường Đại học Đà Lạt
LEADER 00840nam a2200265 4500
001 DLU180184780
005 ##20180509
040 # # |a DLU  |b vie 
041 # # |a vie 
044 # # |a vn 
100 # # |a Phan Đăng Thuận. 
245 # # |a Qua sự kiện năm 1540 bàn thêm về mối quan hệ bang giao giữa nhà Mạc với nhà Minh (Trung Quốc) /  |c Phan Đăng Thuận. 
653 # # |a Nhà Mạc 
653 # # |a Nhà Minh 
653 # # |a Quan hệ ngoại giao 
653 # # |a Sự kiện lịch sử 
773 # # |t Nghiên cứu lịch sử  |g Số 6(482), 2016, tr. 11-18 
920 # # |a Phòng Tạp chí -- Trung tâm Thông tin - Thư viện Trường Đại học Đà Lạt 
900 # # |a True 
911 # # |a Nguyễn Thị Thu Phương 
925 # # |a G 
926 # # |a A 
927 # # |a BB 
980 # # |a Thư viện Trường Đại học Đà Lạt